[Event "World Prestigious University 2019"]
[Site "Tianjin"]
[Date "2019.11.27"]
[Round "6.13"]
[White "Grigory, Oparin"]
[Black "Isakov, Michael"]
[Result "1-0"]
[WhiteElo "2660"]
[BlackElo "2162"]
[PlyCount "63"]
[EventDate "2019.11.26"]
[EventType "team-tourn"]
[EventCountry "CHN"]
[TimeControl "1500+10"]
[WhiteClock "0:02:23"]
[BlackClock "0:04:26"]

1. g3 {[%emt 0:00:00]} d5 {[%emt 0:00:00]} 2. Nf3 {[%emt 0:00:00]} Nf6 {[%emt 0:00:00]} 3. Bg2 {[%emt 0:00:00]} e6 {[%emt 0:00:00]} 4. O-O {[%emt 0:00:04]} Be7 {[%emt 0:00:00]} 5. c4 {[%emt 0:00:02]} O-O {[%emt 0:00:00]} 6. b3 {[%emt 0:00:09]} b6 {[%emt 0:00:38]} 7. cxd5 {[%emt 0:00:17]} exd5 {[%emt 0:00:02]} 8. d4 {[%emt 0:00:23]} Bb7 {[%emt 0:00:48]} 9. Bb2 {[%emt 0:00:03]} Nbd7 {[%emt 0:00:06]} 10. Nc3 {[%emt 0:00:25]} Re8 {[%emt 0:01:09]} 11. Ne5 {[%emt 0:01:51]} Nf8 {[%emt 0:03:15]} 12. Rc1 {[%emt 0:01:31]} c5 {[%emt 0:01:40]} 13. dxc5 {[%emt 0:01:53]} bxc5 {[%emt 0:03:15]} 14. Na4 {[%emt 0:00:04]} Qa5 {[%emt 0:01:49]} 15. Nd3 {[%emt 0:02:39]} Ne6 {[%emt 0:00:56]} 16. Bxf6 {[%emt 0:00:08]} gxf6 {[%emt 0:00:54]} 17. e3 {[%emt 0:00:28]} Rac8 {[%emt 0:01:55]} 18. Qg4+ {[%emt 0:01:02]} Kh8 {[%emt 0:01:41]} 19. Nf4 {[%emt 0:03:54]} Nxf4 {[%emt 0:02:02]} 20. Qxf4 {[%emt 0:00:03]} Qc7 {[%emt 0:00:06]} 21. Qh4 {[%emt 0:04:25]} Qe5 {[%emt 0:01:16]} 22. Rfd1 {[%emt 0:00:03]} Red8 {[%emt 0:00:31]} 23. Nc3 {[%emt 0:00:36]} Bc6 {[%emt 0:01:53]} 24. Ne2 {[%emt 0:00:38]} Rc7 {[%emt 0:01:18]} 25. Nf4 {[%emt 0:00:14]} Ba8 {[%emt 0:00:59]} 26. Rd2 {[%emt 0:02:37]} a5 {[%emt 0:00:01]} 27. Rcd1 {[%emt 0:00:56]} Rcd7 {[%emt 0:00:00]} 28. Bh3 {[%emt 0:00:31]} Rd6 {[%emt 0:00:27]} 29. Bg2 {[%emt 0:00:41]} R6d7 {[%emt 0:00:01]} 30. Nd3 {[%emt 0:00:10]} Qg5 {[%emt 0:01:00]} 31. Qxg5 {[%emt 0:00:05]} fxg5 {[%emt 0:00:05]} 32. Ne5 {[%emt 0:00:02]} 1-0

[Event "World Prestigious University 2019"]
[Site "Tianjin"]
[Date "2019.11.27"]
[Round "6.14"]
[White "Lu, Andrew H"]
[Black "Dmitry, Gordievskiy"]
[Result "0-1"]
[WhiteElo "2071"]
[BlackElo "2590"]
[PlyCount "58"]
[EventDate "2019.11.26"]
[EventType "team-tourn"]
[EventCountry "CHN"]
[TimeControl "1500+10"]
[WhiteClock "0:05:24"]
[BlackClock "0:04:15"]

1. d4 {[%emt 0:00:00]} Nf6 {[%emt 0:00:00]} 2. Nf3 {[%emt 0:00:00]} b6 {[%emt 0:00:04]} 3. g3 {[%emt 0:00:05]} Bb7 {[%emt 0:00:05]} 4. Bg2 {[%emt 0:00:02]} g6 {[%emt 0:00:23]} 5. O-O {[%emt 0:00:12]} Bg7 {[%emt 0:00:03]} 6. b3 {[%emt 0:00:07]} O-O {[%emt 0:00:34]} 7. Bb2 {[%emt 0:00:08]} d6 {[%emt 0:01:10]} 8. c4 {[%emt 0:00:36]} e6 {[%emt 0:01:17]} 9. Qc2 {[%emt 0:00:29]} Nbd7 {[%emt 0:00:44]} 10. Nbd2 {[%emt 0:00:38]} c5 {[%emt 0:00:25]} 11. Rad1 {[%emt 0:01:07]} Qc7 {[%emt 0:00:19]} 12. Rfe1 {[%emt 0:01:58]} a6 {[%emt 0:00:16]} 13. Qb1 {[%emt 0:01:18]} b5 {[%emt 0:02:30]} 14. dxc5 {[%emt 0:01:38]} Nxc5 {[%emt 0:00:33]} 15. e4 {[%emt 0:02:51]} Nfxe4 {[%emt 0:05:01]} 16. Bxg7 {[%emt 0:01:48]} Nxd2 {[%emt 0:00:15]} 17. Rxd2 {[%emt 0:00:25]} Kxg7 {[%emt 0:00:05]} 18. Qb2+ {[%emt 0:01:12]} e5 {[%emt 0:02:16]} 19. b4 {[%emt 0:02:36]} Na4 {[%emt 0:01:12]} 20. Qb3 {[%emt 0:00:18]} f6 {[%emt 0:01:23]} 21. cxb5 {[%emt 0:03:02]} axb5 {[%emt 0:00:08]} 22. Red1 {[%emt 0:00:09]} d5 {[%emt 0:01:33]} 23. Rc2 {[%emt 0:00:46]} Qe7 {[%emt 0:02:17]} 24. Rdc1 {[%emt 0:00:41]} Rf7 {[%emt 0:00:01]} 25. Bf1 {[%emt 0:01:48]} d4 {[%emt 0:00:42]} 26. Bxb5 {[%emt 0:00:42]} Nc3 {[%emt 0:00:21]} 27. Be2 {[%emt 0:00:22]} Bd5 {[%emt 0:00:20]} 28. Bc4 {[%emt 0:00:16]} Bxf3 {[%emt 0:00:21]} 29. Bxf7 {[%emt 0:00:21]} Qxf7 {[%emt 0:00:08]} 0-1

[Event "World Prestigious University 2019"]
[Site "Tianjin"]
[Date "2019.11.27"]
[Round "6.15"]
[White "Wang, Nancy"]
[Black "Papanek, Ella"]
[Result "0-1"]
[WhiteElo "1823"]
[BlackElo "1777"]
[PlyCount "104"]
[EventDate "2019.11.26"]
[EventType "team-tourn"]
[EventCountry "CHN"]
[TimeControl "1500+10"]
[WhiteClock "0:00:49"]
[BlackClock "0:00:32"]

1. e4 {[%emt 0:00:00]} c5 {[%emt 0:00:00]} 2. Nc3 {[%emt 0:00:00]} e6 {[%emt 0:00:00]} 3. g3 {[%emt 0:00:00]} Nc6 {[%emt 0:01:00]} 4. Bg2 {[%emt 0:00:01]} a6 {[%emt 0:01:04]} 5. d3 {[%emt 0:00:28]} b5 {[%emt 0:00:13]} 6. Be3 {[%emt 0:00:35]} Bb7 {[%emt 0:00:48]} 7. Qd2 {[%emt 0:01:12]} Nf6 {[%emt 0:00:24]} 8. e5 {[%emt 0:03:35]} Ng4 {[%emt 0:01:34]} 9. Bg5 {[%emt 0:03:26]} Qc7 {[%emt 0:00:54]} 10. f4 {[%emt 0:00:02]} h6 {[%emt 0:03:53]} 11. h3 {[%emt 0:00:38]} Ngxe5 {[%emt 0:01:46]} 12. Bh4 {[%emt 0:05:33]} Ng6 {[%emt 0:00:51]} 13. Nf3 {[%emt 0:00:12]} Nd4 {[%emt 0:02:35]} 14. O-O {[%emt 0:02:35]} Nf5 {[%emt 0:03:07]} 15. Rae1 {[%emt 0:01:21]} Ngxh4 {[%emt 0:00:10]} 16. Nxh4 {[%emt 0:00:14]} Nxg3 {[%emt 0:01:45]} 17. Rf2 {[%emt 0:00:34]} Be7 {[%emt 0:00:15]} 18. Nf3 {[%emt 0:00:27]} Nf5 {[%emt 0:02:44]} 19. Rfe2 {[%emt 0:02:51]} Rc8 {[%emt 0:00:37]} 20. Ne5 {[%emt 0:01:22]} Bh4 {[%emt 0:02:07]} 21. Rd1 {[%emt 0:01:13]} d5 {[%emt 0:00:27]} 22. Ng4 {[%emt 0:01:50]} d4 {[%emt 0:01:21]} 23. Nd5 {[%emt 0:00:19]} Bxd5 {[%emt 0:00:40]} 24. Bxd5 {[%emt 0:00:02]} h5 {[%emt 0:00:21]} 25. Bxe6 {[%emt 0:00:23]} fxe6 {[%emt 0:00:20]} 26. Rxe6+ {[%emt 0:00:02]} Kf8 {[%emt 0:00:00]} 27. Nh2 {[%emt 0:00:09]} Ne3 {[%emt 0:00:11]} 28. Rc1 {[%emt 0:00:09]} Kg8 {[%emt 0:00:19]} 29. Re4 {[%emt 0:00:06]} Rh6 {[%emt 0:00:05]} 30. Nf3 {[%emt 0:00:09]} Rg6+ {[%emt 0:00:07]} 31. Kh1 {[%emt 0:00:07]} Bg3 {[%emt 0:00:11]} 32. Ne5 {[%emt 0:00:13]} Rf6 {[%emt 0:00:14]} 33. Qe2 {[%emt 0:00:26]} h4 {[%emt 0:00:09]} 34. Qh5 {[%emt 0:00:12]} Bxf4 {[%emt 0:00:15]} 35. Ng6 {[%emt 0:00:03]} Rxg6 {[%emt 0:00:11]} 36. Qxg6 {[%emt 0:00:12]} Qf7 {[%emt 0:00:11]} 37. Rg1 {[%emt 0:00:00]} Qxg6 38. Rxg6 {[%emt 0:00:01]} Bh6 {[%emt 0:00:12]} 39. Rxh4 {[%emt 0:00:13]} Kh7 {[%emt 0:00:16]} 40. Rxa6 {[%emt 0:00:03]} Rf8 {[%emt 0:00:01]} 41. Rb6 {[%emt 0:00:33]} Rf1+ {[%emt 0:00:07]} 42. Kh2 {[%emt 0:00:01]} Rf2+ {[%emt 0:00:12]} 43. Kg1 {[%emt 0:00:15]} Rg2+ {[%emt 0:00:04]} 44. Kh1 {[%emt 0:00:02]} b4 {[%emt 0:00:02]} 45. a4 {[%emt 0:00:21]} bxa3 {[%emt 0:00:04]} 46. bxa3 {[%emt 0:00:01]} Rxc2 {[%emt 0:00:02]} 47. a4 {[%emt 0:00:08]} Ra2 {[%emt 0:00:03]} 48. Ra6 {[%emt 0:00:05]} Nf5 {[%emt 0:00:17]} 49. Rg4 {[%emt 0:00:13]} Be3 {[%emt 0:00:32]} 50. Rg2 {[%emt 0:00:23]} Ra1+ {[%emt 0:00:07]} 51. Kh2 {[%emt 0:00:03]} Bf4+ {[%emt 0:00:02]} 52. Rg3 {[%emt 0:00:05]} Bxg3+ {[%emt 0:00:01]} 0-1

[Event "World Prestigious University 2019"]
[Site "Tianjin"]
[Date "2019.11.27"]
[Round "6.16"]
[White "Fernandez, Daniel Howard"]
[Black "Theodorou, Nikolas"]
[Result "0-1"]
[WhiteElo "2444"]
[BlackElo "2555"]
[PlyCount "96"]
[EventDate "2019.11.26"]
[EventType "team-tourn"]
[EventCountry "CHN"]
[TimeControl "1500+10"]
[WhiteClock "0:03:07"]
[BlackClock "0:00:19"]

1. Nf3 {[%emt 0:00:00]} Nf6 {[%emt 0:00:00]} 2. g3 {[%emt 0:00:00]} g6 {[%emt 0:00:00]} 3. Bg2 {[%emt 0:00:00]} Bg7 {[%emt 0:00:00]} 4. O-O {[%emt 0:00:00]} O-O {[%emt 0:00:00]} 5. d4 {[%emt 0:00:02]} d6 {[%emt 0:00:21]} 6. c4 {[%emt 0:00:10]} Nbd7 {[%emt 0:00:10]} 7. Nc3 {[%emt 0:00:37]} e5 {[%emt 0:00:03]} 8. d5 {[%emt 0:02:36]} a5 {[%emt 0:00:13]} 9. e4 {[%emt 0:01:02]} Nc5 {[%emt 0:00:35]} 10. Qc2 {[%emt 0:00:16]} Nh5 {[%emt 0:00:39]} 11. Bg5 {[%emt 0:02:11]} f6 {[%emt 0:00:13]} 12. Be3 {[%emt 0:00:19]} f5 {[%emt 0:00:22]} 13. exf5 {[%emt 0:01:08]} gxf5 {[%emt 0:00:27]} 14. Rae1 {[%emt 0:03:27]} b6 {[%emt 0:00:12]} 15. Ng5 {[%emt 0:03:00]} e4 {[%emt 0:01:09]} 16. Bxc5 {[%emt 0:03:14]} Qxg5 {[%emt 0:01:05]} 17. Be3 {[%emt 0:01:09]} Qg6 {[%emt 0:00:25]} 18. Ne2 {[%emt 0:00:45]} Bd7 {[%emt 0:02:06]} 19. Nf4 {[%emt 0:00:37]} Nxf4 {[%emt 0:00:03]} 20. Bxf4 {[%emt 0:00:01]} Rae8 {[%emt 0:00:19]} 21. b3 {[%emt 0:00:54]} Rf7 {[%emt 0:00:14]} 22. Qd2 {[%emt 0:02:34]} Bf6 {[%emt 0:00:44]} 23. f3 {[%emt 0:00:55]} Rfe7 {[%emt 0:00:12]} 24. fxe4 {[%emt 0:00:12]} fxe4 {[%emt 0:00:03]} 25. Be3 {[%emt 0:00:15]} Bg4 {[%emt 0:00:18]} 26. Bd4 {[%emt 0:00:35]} Bxd4+ {[%emt 0:02:55]} 27. Qxd4 {[%emt 0:00:01]} e3 {[%emt 0:00:03]} 28. Bf3 {[%emt 0:00:49]} Bh3 {[%emt 0:01:32]} 29. Bg2 {[%emt 0:00:02]} Bxg2 {[%emt 0:00:24]} 30. Kxg2 {[%emt 0:00:01]} Re5 {[%emt 0:00:41]} 31. Re2 {[%emt 0:00:18]} h5 {[%emt 0:03:08]} 32. Rf4 {[%emt 0:00:41]} R8e7 {[%emt 0:00:46]} 33. Kf3 {[%emt 0:00:18]} Kh7 {[%emt 0:02:08]} 34. a4 {[%emt 0:01:23]} Qb1 {[%emt 0:00:42]} 35. Kg2 {[%emt 0:00:48]} Qxb3 {[%emt 0:00:25]} 36. Rf3 {[%emt 0:00:09]} Qxa4 {[%emt 0:01:12]} 37. Qd3+ {[%emt 0:00:07]} Kg7 {[%emt 0:00:06]} 38. Qd4 {[%emt 0:00:25]} Qe8 {[%emt 0:02:00]} 39. Rexe3 {[%emt 0:00:12]} Qg6 {[%emt 0:00:33]} 40. Kg1 {[%emt 0:00:15]} Kh7 {[%emt 0:00:27]} 41. Rxe5 {[%emt 0:00:02]} Rxe5 {[%emt 0:00:10]} 42. Qf4 {[%emt 0:00:12]} Re1+ {[%emt 0:01:19]} 43. Kg2 {[%emt 0:00:01]} Re7 {[%emt 0:00:27]} 44. Rf2 {[%emt 0:00:14]} a4 {[%emt 0:00:33]} 45. Ra2 {[%emt 0:00:20]} Rf7 {[%emt 0:00:10]} 46. Qd2 {[%emt 0:00:10]} Qe4+ {[%emt 0:00:14]} 47. Kg1 {[%emt 0:00:08]} Qb1+ {[%emt 0:00:02]} 48. Kg2 {[%emt 0:00:06]} Qf1# {[%emt 0:00:03]} 0-1

[Event "World Prestigious University 2019"]
[Site "Tianjin"]
[Date "2019.11.27"]
[Round "6.17"]
[White "Chandra, Akshat"]
[Black "Behar, Joshua"]
[Result "1-0"]
[WhiteElo "2524"]
[BlackElo "1974"]
[PlyCount "85"]
[EventDate "2019.11.26"]
[EventType "team-tourn"]
[EventCountry "CHN"]
[TimeControl "1500+10"]
[WhiteClock "0:01:08"]
[BlackClock "0:05:34"]

1. Nf3 {[%emt 0:00:00]} Nf6 {[%emt 0:00:00]} 2. g3 {[%emt 0:00:00]} b6 {[%emt 0:00:00]} 3. Bg2 {[%emt 0:00:00]} Bb7 {[%emt 0:00:00]} 4. O-O {[%emt 0:00:00]} e6 {[%emt 0:00:00]} 5. c4 {[%emt 0:00:40]} Be7 {[%emt 0:00:06]} 6. d4 {[%emt 0:00:04]} O-O {[%emt 0:00:06]} 7. Nc3 {[%emt 0:00:02]} d5 {[%emt 0:00:20]} 8. cxd5 {[%emt 0:00:04]} Nxd5 {[%emt 0:00:07]} 9. Qc2 {[%emt 0:00:11]} Bf6 {[%emt 0:02:54]} 10. e4 {[%emt 0:00:23]} Nxc3 {[%emt 0:00:03]} 11. bxc3 {[%emt 0:00:02]} g6 {[%emt 0:00:02]} 12. Bh6 {[%emt 0:00:04]} Bg7 {[%emt 0:00:07]} 13. Bxg7 {[%emt 0:00:02]} Kxg7 {[%emt 0:00:01]} 14. Rad1 {[%emt 0:00:02]} Nd7 {[%emt 0:00:04]} 15. c4 {[%emt 0:00:07]} Qe7 {[%emt 0:00:12]} 16. Rfe1 {[%emt 0:01:18]} e5 {[%emt 0:01:16]} 17. c5 {[%emt 0:00:47]} Qf6 {[%emt 0:02:44]} 18. cxb6 {[%emt 0:00:17]} cxb6 {[%emt 0:03:30]} 19. Qc7 {[%emt 0:00:04]} Qc6 {[%emt 0:00:01]} 20. Rc1 {[%emt 0:00:17]} Qxc7 {[%emt 0:00:04]} 21. Rxc7 {[%emt 0:00:04]} Bc8 {[%emt 0:00:01]} 22. d5 {[%emt 0:02:04]} Re8 {[%emt 0:01:02]} 23. Bf1 {[%emt 0:01:27]} a6 {[%emt 0:00:36]} 24. a4 {[%emt 0:02:16]} Rb8 {[%emt 0:01:04]} 25. Rb1 {[%emt 0:02:18]} Kf8 {[%emt 0:02:01]} 26. Bxa6 {[%emt 0:02:29]} Bxa6 {[%emt 0:02:35]} 27. Rxd7 {[%emt 0:00:03]} h6 {[%emt 0:00:12]} 28. Rc1 {[%emt 0:03:22]} Rbc8 {[%emt 0:03:50]} 29. Rxc8 {[%emt 0:01:11]} Bxc8 {[%emt 0:00:17]} 30. Rc7 {[%emt 0:01:58]} Bg4 {[%emt 0:00:15]} 31. Nd2 {[%emt 0:00:01]} Be2 {[%emt 0:01:01]} 32. f3 {[%emt 0:00:28]} Bd1 {[%emt 0:01:42]} 33. Nc4 {[%emt 0:00:33]} Bxf3 {[%emt 0:00:51]} 34. Nd6 {[%emt 0:00:03]} Re7 {[%emt 0:00:12]} 35. Rc8+ {[%emt 0:00:03]} Kg7 {[%emt 0:00:05]} 36. Ne8+ {[%emt 0:00:02]} Rxe8 {[%emt 0:02:38]} 37. Rxe8 {[%emt 0:00:05]} Bxe4 {[%emt 0:00:01]} 38. Rxe5 {[%emt 0:00:40]} Bc2 {[%emt 0:00:02]} 39. a5 {[%emt 0:01:47]} bxa5 {[%emt 0:00:15]} 40. d6 {[%emt 0:00:02]} Ba4 {[%emt 0:00:21]} 41. Rxa5 {[%emt 0:00:03]} Bc6 {[%emt 0:00:03]} 42. Re5 {[%emt 0:01:11]} Kf6 {[%emt 0:00:11]} 43. Re7 {[%emt 0:00:02]} 1-0

[Event "World Prestigious University 2019"]
[Site "Tianjin"]
[Date "2019.11.28"]
[Round "7.1"]
[White "Theodorou, Nikolas"]
[Black "TannerAustin, McNamara"]
[Result "1-0"]
[WhiteElo "2555"]
[BlackElo "1983"]
[PlyCount "107"]
[EventDate "2019.11.26"]
[EventType "team-tourn"]
[EventCountry "CHN"]
[TimeControl "1500+10"]
[WhiteClock "0:01:06"]
[BlackClock "0:06:22"]

1. d4 {[%emt 0:00:00]} d5 {[%emt 0:00:00]} 2. c4 {[%emt 0:00:00]} c6 {[%emt 0:00:00]} 3. Nf3 {[%emt 0:00:00]} Nf6 {[%emt 0:00:02]} 4. g3 {[%emt 0:00:00]} e6 {[%emt 0:00:25]} 5. Bg2 {[%emt 0:00:03]} Nbd7 {[%emt 0:00:08]} 6. O-O {[%emt 0:00:15]} Be7 {[%emt 0:00:04]} 7. Qc2 {[%emt 0:00:10]} O-O {[%emt 0:00:11]} 8. Nbd2 {[%emt 0:00:07]} b6 {[%emt 0:00:36]} 9. e4 {[%emt 0:00:12]} Nxe4 {[%emt 0:00:39]} 10. Nxe4 {[%emt 0:00:04]} dxe4 {[%emt 0:00:02]} 11. Qxe4 {[%emt 0:00:25]} Bb7 {[%emt 0:01:32]} 12. Rd1 {[%emt 0:00:20]} Nf6 {[%emt 0:00:09]} 13. Qe2 {[%emt 0:00:28]} Qc8 {[%emt 0:02:05]} 14. Bf4 {[%emt 0:00:04]} Re8 {[%emt 0:00:10]} 15. a3 {[%emt 0:01:59]} c5 {[%emt 0:01:47]} 16. dxc5 {[%emt 0:00:06]} Bxc5 {[%emt 0:00:01]} 17. b4 {[%emt 0:00:02]} Bf8 {[%emt 0:00:15]} 18. Rac1 {[%emt 0:00:28]} a5 {[%emt 0:04:15]} 19. c5 {[%emt 0:00:02]} bxc5 {[%emt 0:00:32]} 20. bxc5 {[%emt 0:00:03]} Nd5 {[%emt 0:01:00]} 21. Be5 {[%emt 0:00:02]} Bc6 {[%emt 0:01:43]} 22. Qc2 {[%emt 0:01:04]} h6 {[%emt 0:00:46]} 23. Nd4 {[%emt 0:00:28]} a4 {[%emt 0:02:20]} 24. h4 {[%emt 0:03:29]} Ra5 {[%emt 0:00:46]} 25. Bd6 {[%emt 0:01:26]} Qd7 {[%emt 0:01:17]} 26. Qd2 {[%emt 0:00:40]} Ra6 {[%emt 0:02:08]} 27. Qd3 {[%emt 0:01:20]} Ra5 {[%emt 0:00:34]} 28. Bxf8 {[%emt 0:01:08]} Rxf8 {[%emt 0:00:03]} 29. Nxc6 {[%emt 0:00:04]} Qxc6 {[%emt 0:00:02]} 30. Bxd5 {[%emt 0:00:28]} exd5 {[%emt 0:01:21]} 31. Qxd5 {[%emt 0:00:03]} Rc8 {[%emt 0:00:42]} 32. Qxc6 {[%emt 0:00:37]} Rxc6 {[%emt 0:00:01]} 33. Rd8+ {[%emt 0:00:22]} Kh7 {[%emt 0:00:03]} 34. Rd5 {[%emt 0:00:02]} Kg6 {[%emt 0:00:37]} 35. g4 {[%emt 0:02:41]} Kf6 {[%emt 0:01:12]} 36. Rf5+ {[%emt 0:01:06]} Ke7 {[%emt 0:00:03]} 37. Rc4 {[%emt 0:00:05]} g6 {[%emt 0:00:52]} 38. Re5+ {[%emt 0:00:41]} Kf6 {[%emt 0:01:11]} 39. f4 {[%emt 0:00:04]} Rb5 {[%emt 0:00:01]} 40. g5+ {[%emt 0:00:19]} hxg5 {[%emt 0:00:08]} 41. hxg5+ {[%emt 0:00:02]} Kg7 {[%emt 0:00:03]} 42. Kf2 {[%emt 0:02:14]} f6 {[%emt 0:01:11]} 43. Re7+ {[%emt 0:02:06]} Kf8 {[%emt 0:00:02]} 44. Rce4 {[%emt 0:00:02]} Rb8 {[%emt 0:00:28]} 45. R7e6 {[%emt 0:00:48]} Rxc5 {[%emt 0:00:40]} 46. Rxf6+ {[%emt 0:00:10]} Kg7 {[%emt 0:00:11]} 47. Re7+ {[%emt 0:00:16]} Kh8 {[%emt 0:00:01]} 48. Rxg6 {[%emt 0:00:15]} Rc3 {[%emt 0:00:01]} 49. Re3 {[%emt 0:00:39]} Rb2+ {[%emt 0:00:20]} 50. Kf3 {[%emt 0:00:02]} Rxe3+ {[%emt 0:00:01]} 51. Kxe3 {[%emt 0:00:02]} Rb3+ {[%emt 0:00:01]} 52. Ke4 {[%emt 0:00:01]} Rxa3 {[%emt 0:00:01]} 53. Ra6 {[%emt 0:00:02]} Ra1 {[%emt 0:00:01]} 54. Kf5 {[%emt 0:00:02]} 1-0

[Event "World Prestigious University 2019"]
[Site "Tianjin"]
[Date "2019.11.28"]
[Round "7.2"]
[White "Lei, Sean"]
[Black "Chandra, Akshat"]
[Result "0-1"]
[WhiteElo "1895"]
[BlackElo "2524"]
[PlyCount "84"]
[EventDate "2019.11.26"]
[EventType "team-tourn"]
[EventCountry "CHN"]
[TimeControl "1500+10"]
[WhiteClock "0:05:33"]
[BlackClock "0:00:32"]

1. e4 {[%emt 0:00:00]} c5 {[%emt 0:00:00]} 2. Nf3 {[%emt 0:00:00]} d6 {[%emt 0:00:00]} 3. c3 {[%emt 0:00:00]} Nf6 {[%emt 0:00:00]} 4. Be2 {[%emt 0:00:00]} Bd7 {[%emt 0:01:09]} 5. d3 {[%emt 0:00:01]} Bc6 {[%emt 0:00:03]} 6. O-O {[%emt 0:00:04]} Nbd7 {[%emt 0:00:02]} 7. Re1 {[%emt 0:01:21]} g6 {[%emt 0:01:20]} 8. Bf1 {[%emt 0:00:14]} Bg7 {[%emt 0:00:07]} 9. Nbd2 {[%emt 0:04:46]} O-O {[%emt 0:00:03]} 10. d4 {[%emt 0:02:43]} e6 {[%emt 0:00:05]} 11. b3 {[%emt 0:01:41]} b5 {[%emt 0:00:56]} 12. Bb2 {[%emt 0:00:27]} a5 {[%emt 0:00:15]} 13. a3 {[%emt 0:00:23]} Qb8 {[%emt 0:04:56]} 14. Qb1 {[%emt 0:04:41]} Rc8 {[%emt 0:03:07]} 15. Bd3 {[%emt 0:01:54]} a4 {[%emt 0:00:28]} 16. b4 {[%emt 0:00:11]} Nb6 {[%emt 0:02:22]} 17. Nf1 {[%emt 0:03:35]} cxb4 {[%emt 0:00:20]} 18. cxb4 {[%emt 0:00:03]} d5 {[%emt 0:02:21]} 19. e5 {[%emt 0:00:02]} Ne4 {[%emt 0:00:07]} 20. Ng3 {[%emt 0:00:53]} Qb7 {[%emt 0:00:46]} 21. Bxe4 {[%emt 0:01:57]} dxe4 {[%emt 0:00:03]} 22. Nxe4 {[%emt 0:00:03]} Bxe4 {[%emt 0:00:09]} 23. Rxe4 {[%emt 0:00:15]} Rc7 {[%emt 0:00:08]} 24. Re1 {[%emt 0:00:27]} Rac8 {[%emt 0:00:04]} 25. Rc1 {[%emt 0:00:57]} Bh6 {[%emt 0:00:31]} 26. Rxc7 {[%emt 0:00:04]} Qxc7 {[%emt 0:00:55]} 27. Qd3 {[%emt 0:00:24]} Qc2 {[%emt 0:00:04]} 28. Qxc2 {[%emt 0:00:51]} Rxc2 {[%emt 0:00:03]} 29. Rb1 {[%emt 0:00:23]} Nc4 {[%emt 0:00:03]} 30. Ba1 {[%emt 0:00:07]} Nxa3 {[%emt 0:00:38]} 31. Rd1 {[%emt 0:00:03]} Rc4 {[%emt 0:02:53]} 32. g3 {[%emt 0:00:38]} Nc2 {[%emt 0:00:09]} 33. Kf1 {[%emt 0:00:38]} a3 {[%emt 0:00:10]} 34. Ne1 {[%emt 0:00:32]} Nxe1 {[%emt 0:00:25]} 35. Kxe1 {[%emt 0:00:06]} Rc2 {[%emt 0:00:25]} 36. h4 {[%emt 0:00:12]} Bf8 {[%emt 0:00:08]} 37. Kf1 {[%emt 0:00:21]} Bxb4 {[%emt 0:00:08]} 38. Kg2 {[%emt 0:00:08]} Bd2 {[%emt 0:00:39]} 39. Kf3 {[%emt 0:00:07]} b4 {[%emt 0:00:02]} 40. Rb1 {[%emt 0:00:09]} Rc1 {[%emt 0:00:05]} 41. Rxc1 {[%emt 0:00:03]} Bxc1 {[%emt 0:00:02]} 42. Ke2 {[%emt 0:00:04]} Bb2 {[%emt 0:00:16]} 0-1

[Event "World Prestigious University 2019"]
[Site "Tianjin"]
[Date "2019.11.28"]
[Round "7.3"]
[White "Derakhshani, Dorsa"]
[Black "Zhou, Qiyu"]
[Result "1/2-1/2"]
[WhiteElo "2277"]
[BlackElo "2216"]
[PlyCount "52"]
[EventDate "2019.11.26"]
[EventType "team-tourn"]
[EventCountry "CHN"]
[TimeControl "1500+10"]
[WhiteClock "0:20:21"]
[BlackClock "0:15:24"]

1. e4 {[%emt 0:00:00]} e5 {[%emt 0:00:00]} 2. Nf3 {[%emt 0:00:00]} Nc6 {[%emt 0:00:00]} 3. Nc3 {[%emt 0:00:00]} Nf6 {[%emt 0:00:00]} 4. d4 {[%emt 0:00:02]} exd4 {[%emt 0:00:00]} 5. Nxd4 {[%emt 0:00:02]} Bb4 {[%emt 0:00:00]} 6. Nxc6 {[%emt 0:00:03]} bxc6 {[%emt 0:00:00]} 7. Bd3 {[%emt 0:00:04]} d5 {[%emt 0:00:00]} 8. exd5 {[%emt 0:00:03]} cxd5 {[%emt 0:00:00]} 9. O-O {[%emt 0:00:04]} O-O {[%emt 0:00:05]} 10. Bg5 {[%emt 0:00:03]} c6 {[%emt 0:00:03]} 11. Qf3 {[%emt 0:00:15]} Bd6 {[%emt 0:00:03]} 12. Rae1 {[%emt 0:00:11]} Rb8 {[%emt 0:00:02]} 13. Nd1 {[%emt 0:00:05]} h6 {[%emt 0:00:57]} 14. Bxf6 {[%emt 0:00:04]} Qxf6 {[%emt 0:00:02]} 15. Qxf6 {[%emt 0:00:04]} gxf6 {[%emt 0:00:01]} 16. b3 {[%emt 0:00:14]} d4 {[%emt 0:01:38]} 17. Re4 {[%emt 0:02:49]} c5 {[%emt 0:00:47]} 18. Rh4 {[%emt 0:00:16]} Kg7 {[%emt 0:00:05]} 19. f4 {[%emt 0:00:08]} Re8 {[%emt 0:01:46]} 20. Nf2 {[%emt 0:00:10]} f5 {[%emt 0:00:18]} 21. Nh1 {[%emt 0:00:13]} Re3 {[%emt 0:01:39]} 22. Ng3 {[%emt 0:04:41]} Kg6 {[%emt 0:00:07]} 23. Rg4+ {[%emt 0:00:42]} Kf6 {[%emt 0:01:07]} 24. Rh4 {[%emt 0:01:47]} Kg6 {[%emt 0:00:08]} 25. Rg4+ {[%emt 0:00:23]} Kf6 {[%emt 0:00:01]} 26. Rh4 {[%emt 0:01:33]} Kg6 {[%emt 0:00:02]} 1/2-1/2

[Event "World Prestigious University 2019"]
[Site "Tianjin"]
[Date "2019.11.28"]
[Round "7.4"]
[White "Isakov, Michael"]
[Black "Fernandez, Daniel Howard"]
[Result "1-0"]
[WhiteElo "2162"]
[BlackElo "2444"]
[PlyCount "63"]
[EventDate "2019.11.26"]
[EventType "team-tourn"]
[EventCountry "CHN"]
[TimeControl "1500+10"]
[WhiteClock "0:01:38"]
[BlackClock "0:11:43"]

1. d4 {[%emt 0:00:00]} Nf6 {[%emt 0:00:00]} 2. Nf3 {[%emt 0:00:00]} g6 {[%emt 0:00:00]} 3. c4 {[%emt 0:00:00]} Bg7 {[%emt 0:00:00]} 4. Nc3 {[%emt 0:00:00]} d6 {[%emt 0:00:09]} 5. e4 {[%emt 0:00:00]} O-O {[%emt 0:00:03]} 6. Be2 {[%emt 0:00:00]} e5 {[%emt 0:00:02]} 7. dxe5 {[%emt 0:00:00]} dxe5 {[%emt 0:00:05]} 8. O-O {[%emt 0:00:00]} Nbd7 {[%emt 0:04:00]} 9. Qc2 {[%emt 0:00:44]} c6 {[%emt 0:00:14]} 10. Rd1 {[%emt 0:00:11]} Qc7 {[%emt 0:00:24]} 11. h3 {[%emt 0:02:26]} Nc5 {[%emt 0:00:17]} 12. Be3 {[%emt 0:00:04]} Ne6 {[%emt 0:00:19]} 13. b4 {[%emt 0:00:30]} Nf4 {[%emt 0:01:28]} 14. Bf1 {[%emt 0:00:06]} h6 {[%emt 0:02:31]} 15. Bc5 {[%emt 0:03:53]} Re8 {[%emt 0:00:34]} 16. Bd6 {[%emt 0:00:44]} Nxh3+ {[%emt 0:03:32]} 17. gxh3 {[%emt 0:00:12]} Qb6 {[%emt 0:01:30]} 18. Rd2 {[%emt 0:01:46]} a5 {[%emt 0:03:12]} 19. b5 {[%emt 0:01:57]} Bd7 {[%emt 0:00:44]} 20. Rad1 {[%emt 0:01:15]} Rad8 {[%emt 0:01:15]} 21. Na4 {[%emt 0:00:45]} Qa7 {[%emt 0:00:16]} 22. Bc7 {[%emt 0:00:44]} Rc8 {[%emt 0:01:16]} 23. b6 {[%emt 0:00:04]} Qa8 {[%emt 0:00:40]} 24. Rxd7 {[%emt 0:00:04]} Nxd7 {[%emt 0:00:09]} 25. Rxd7 {[%emt 0:00:02]} Re6 {[%emt 0:03:18]} 26. Nc5 {[%emt 0:00:50]} Ree8 {[%emt 0:00:21]} 27. Nd3 {[%emt 0:00:33]} a4 {[%emt 0:00:16]} 28. Qd2 {[%emt 0:00:48]} f6 {[%emt 0:00:53]} 29. c5 {[%emt 0:00:37]} a3 {[%emt 0:00:09]} 30. Qb4 {[%emt 0:00:09]} Rxc7 {[%emt 0:00:53]} 31. bxc7 {[%emt 0:00:11]} Qc8 {[%emt 0:00:02]} 32. Qc4+ {[%emt 0:00:02]} 1-0